00710nam a2200157 a 450000100100000000500170001000800410002704000250006808200240009324502010011726000400031830000480035865100540040665100450046065000470050500002203120200930011542.0100916s1964 dr ac 001 0 spa d aDO-SdBNPbspacBNPHU a355.03097293bL697b00aLibro blanco de las Fuerzas Armadas y la Policía Nacional de la República Dominicana :bestudios y pruebas documentales de las causas del Movimiento Reivindicador del 25 de Septiembre de 1963. aSanto Domingo :bDel Caribe,c1964. a486 p. :bil., facsíms., retrs. ;c27 cm. 4aRepública DominicanaxFuerzas ArmadasxHistoria 4aRepública DominicanaxHistoria Militar 4aPolicíazRepública DomincanaxHistoria